Statistics for Twenty Eight - The Weeknd Lyrics

Click here to take the quiz!

General Stats

  • This quiz has been taken 53 times
  • The average score is 213 of 251

Answer Stats

HintAnswer% Correct
a
100%
I
100%
home
97%
house
97%
is
97%
no
97%
not
97%
the
97%
Verse1This
97%
in
95%
know
95%
so
95%
There
95%
there,
95%
to
95%
To
95%
(To
95%
where
95%
you
95%
You
95%
down
92%
have
92%
2x Chorus 2x | 3x | Chorus 2xI'm
92%
let
92%
my)
92%
my
92%
Now
92%
(Now
92%
on
92%
when
92%
who
92%
your
92%
be
89%
But
89%
could
89%
go
89%
sleep
89%
sleep)
89%
wrong
89%
wrong,
89%
and
87%
And
87%
girl
87%
Girl
87%
Outro2xGirl,
87%
Verse2Hey
87%
lonely
87%
number
87%
are
84%
change
84%
decide
84%
Did
84%
did
84%
f*ck
84%
friends
84%
name?
84%
one
84%
screaming
84%
describe
82%
girls
82%
2xlay
82%
low
82%
month
82%
of
82%
tell
82%
twice
82%
wanna
82%
words
82%
world?
82%
about
79%
all
79%
been
79%
could've
79%
got
79%
it
79%
way
79%
Gotta
76%
ahead
74%
kept
74%
simply
74%
love
71%
see
71%
should've
71%
club
68%
depth
68%
keep
68%
left
68%
stay
68%
you're
68%
Verse3Baby
66%
'Cause
66%
living
66%
any
63%
known
63%
sheets
63%
there's
63%
call
61%
calling
61%
don't
61%
felt
61%
here
61%
If
61%
if
61%
(Never
61%
phone?
61%
phone
61%
saying
61%
would
61%
you'd
61%
keeps
58%
pick
58%
shown
58%
fate
55%
indifference
55%
wouldn't
55%
knew
53%
belong
47%
said
47%
weak)
47%
damn
45%
man
29%
again
21%

Score Distribution

Percentile by Number Answered

Percent of People with Each Score

Your Score History

You have not taken this quiz